ARRUPE JESUIT UNIVERSITY

CORONAVIRUS -STOP THE SPREAD - CLEAN,DISINFECT,COVER

Topham's principles of company law, South African edition / (Record no. 124107)

MARC details
000 -LEADER
fixed length control field 00989cam a2200289 4500
001 - CONTROL NUMBER
control field 763976
003 - CONTROL NUMBER IDENTIFIER
control field ARRUPE
005 - DATE AND TIME OF LATEST TRANSACTION
control field 20160211082221.0
008 - FIXED-LENGTH DATA ELEMENTS--GENERAL INFORMATION
fixed length control field 710407s1963 sa 000 0 eng
010 ## - LIBRARY OF CONGRESS CONTROL NUMBER
LC control number 70014705
040 ## - CATALOGING SOURCE
Original cataloging agency DLC
Transcribing agency DLC
Modifying agency DLC
-- MoSU-L
-- DLC
043 ## - GEOGRAPHIC AREA CODE
Geographic area code f-sa---
050 00 - LIBRARY OF CONGRESS CALL NUMBER
Classification number SPC KTL1052
Item number .T67 1932
300 ## - PHYSICAL DESCRIPTION
Dimensions 19 cm.
100 1# - MAIN ENTRY--PERSONAL NAME
Personal name Topham, Alfred Frank,
Dates associated with a name 1874-1952.
9 (RLIN) 22090
240 10 - UNIFORM TITLE
Uniform title <a href="Principles of company law">Principles of company law</a>
245 10 - TITLE STATEMENT
Title Topham's principles of company law, South African edition /
Statement of responsibility, etc by G. Wegger, O. Galgut [and] A. A. F. Keeton.
246 18 - VARYING FORM OF TITLE
Title proper/short title Topham's South African company law
250 ## - EDITION STATEMENT
Edition statement 3d ed.
Remainder of edition statement With supplement by G. Wegger and A. A. F. Keeton.
260 ## - PUBLICATION, DISTRIBUTION, ETC. (IMPRINT)
Place of publication, distribution, etc London
Name of publisher, distributor, etc Butterworth
Date of publication, distribution, etc 1932
300 ## - PHYSICAL DESCRIPTION
Extent xxvii, 329, 46p.
650 #0 - SUBJECT ADDED ENTRY--TOPICAL TERM
Topical term or geographic name as entry element Corporation law
Geographic subdivision South Africa.
9 (RLIN) 22091
700 1# - ADDED ENTRY--PERSONAL NAME
Personal name Wegger, Gordon.
9 (RLIN) 22092
700 1# - ADDED ENTRY--PERSONAL NAME
Personal name Wall, Thomas P
9 (RLIN) 22239
906 ## - LOCAL DATA ELEMENT F, LDF (RLIN)
a 7
b cbc
c orignew
d 4
e ocip
f 19
g y-gencatlg
942 ## - ADDED ENTRY ELEMENTS (KOHA)
Source of classification or shelving scheme Library of Congress Classification
Koha item type SPC
Holdings
Withdrawn status Lost status Source of classification or shelving scheme Damaged status Not for loan Collection code Home library Current library Shelving location Date acquired Total Checkouts Full call number Barcode Date last seen Price effective from Koha item type
    Library of Congress Classification     SPECIAL Collection ARRUPE LIBRARY ARRUPE LIBRARY Main Collection 09/02/2016   SPC KTL1052.T67 1932 46500006818 09/02/2016 09/02/2016 SPC

 

Arrupe Library. PO Box MP320 Mt Pleasant, Harare, Zimbabwe
263 242 745411|librarian@aju.ac.zw